skbl

Dr Suryya Kumar Bhuyan Library Web-OPAC
ডঃ সূৰ্য্য
কুমাৰ ভূঞা পুথিভঁৰাল ৱেব-অ'পেক

All Research Scholars are advised to clear the annual library fees to continue using Library Resources, Remote Access, Plagiarism Test and Library Clearance.

Cotton University Book Fair 2026

Tulanamulak Sahitya : Siddhanta Aru Prayog / (Record no. 53563)

MARC details
000 -LEADER
fixed length control field 00766nam a2200277Ia 4500
001 - CONTROL NUMBER
control field 53600
005 - DATE AND TIME OF LATEST TRANSACTION
control field 20240114005351.0
007 - PHYSICAL DESCRIPTION FIXED FIELD--GENERAL INFORMATION
fixed length control field ta
008 - FIXED-LENGTH DATA ELEMENTS--GENERAL INFORMATION
fixed length control field 110211s2008 g b000 u asm u
040 ## - CATALOGING SOURCE
Original cataloging agency Cotton College,Assam
041 ## - LANGUAGE CODE
Language code of text/sound track or separate title asm
082 ## - DEWEY DECIMAL CLASSIFICATION NUMBER
Classification number 891.4109
Item number Be 469 Tu
100 ## - MAIN ENTRY--PERSONAL NAME
Personal name Bezborah, Dr.Niranjana Mahanta .
245 #0 - TITLE STATEMENT
Title Tulanamulak Sahitya : Siddhanta Aru Prayog /
Statement of responsibility, etc. Dr.Niranjana Mahanta Bezborah.
Medium Textual Documents
250 ## - EDITION STATEMENT
Edition statement 2nd ed. /
260 ## - PUBLICATION, DISTRIBUTION, ETC.
Place of publication, distribution, etc. Guwahati :
Name of publisher, distributor, etc. Banalata ,
Date of publication, distribution, etc. 2008.
300 ## - PHYSICAL DESCRIPTION
Extent 70pg ;
Dimensions 19cm.
653 ## - INDEX TERM--UNCONTROLLED
Uncontrolled term Assamese literature- Criticism
653 ## - INDEX TERM--UNCONTROLLED
Uncontrolled term Deptt- Assamese
653 ## - INDEX TERM--UNCONTROLLED
Uncontrolled term G- Assamese
942 ## - ADDED ENTRY ELEMENTS (KOHA)
Source of classification or shelving scheme Dewey Decimal Classification
Koha item type Books
Holdings
Withdrawn status Lost status Damaged status Not for loan Collection Home library Current library Date acquired Coded location qualifier Total checkouts Full call number Barcode Date last seen Copy number Price effective from Koha item type
          Dr. Suryya Kumar Bhuyan Library Dr. Suryya Kumar Bhuyan Library 01/02/2012 00000   891.4109 Be 469 Tu 5778/As 14/01/2024 3 01/02/2012 Books
          Dr. Suryya Kumar Bhuyan Library Dr. Suryya Kumar Bhuyan Library 01/02/2012 00000   891.4109 Be 469 Tu 5776/As 14/01/2024 1 01/02/2012 Books
          Dr. Suryya Kumar Bhuyan Library Dr. Suryya Kumar Bhuyan Library 01/02/2012 00000   891.4109 Be 469 Tu 5777/As 14/01/2024 2 01/02/2012 Books

Designed and Maintained by Team SKBL
©1901-2026

Powered by Koha